000 01044naa a22002777a 4500
001 BR6010221
003 BR-BrBNA
005 20240918173156.0
007 ta
008 230509b bl.||||| |||| 00| 0 por d
040 _aBR-BrBNA
_bpor
_cBiblioteca Nacional de Agricultura
041 _a(Pt)
072 _aK00
_b2480
_bG514
090 _aK00 BR6010221
100 1 _aCalmon, J.L. de S.
111 1 _a7. Semana do Fazendeiro; 6. Encontro de Tecnicos e Fazendeiros
_cUrucuca, BA (Brazil)
_d19 Sep 1971
245 1 _aCultura da seringueira [Hevea brasiliensis; Brasil]
260 3 _aUrucuca, BA (Brasil):
_c1971.
500 _a7. Semana do Fazendeiro e 6. Encontro de Tecnicos e Fazendeiros Urucuca, BA (Brasil): 1971. p. 20-24 (BR6010221-AM)K00
650 _aProducao florestal
650 _aSeringueira
650 _aPratica cultural
773 0 _t7. Semana do Fazendeiro e 6. Encontro de Tecnicos e Fazendeiros
_b
_wK00 BR6010221
_gUrucuca, BA (Brasil), 1971. p. 20-24
909 _a202404
_bLucia
_c55
_dLucia Elande
942 _cAM
_2AGRIS
999 _c303302
_d303302